000 005770000a22001810004500
003 MACL
005 20160224175247.0
008 160224b xxu||||| |||| 00| 0 eng d
040 _aMACL
_cMACL
041 _aHindi
082 _a540/TRI
100 _aत्रिफोनोव एल. व्‍लासोव डी
_940215
245 _aउंचे घर के रहने वाले
260 _bभारती भाषा प्रकाशन
_c1989
_aनई दिल्‍ली
350 _a50
650 _aChemistry
_940216
942 _cHIN
_k540
_2ddc
999 _c29669
_d29669